[Event "Nord-ch Senior"]
[Site "Calais"]
[Date "2015.11.23"]
[Round "2"]
[White "Mahieu, Jacques"]
[Black "Wuhrmann, Daniel"]
[Result "1/2-1/2"]
[WhiteElo "1638"]
[BlackElo "1698"]
[PlyCount "32"]
[EventDate "2015.11.22"]
[EventType "tourn"]
[EventRounds "9"]
[EventCountry "FRA"]
[SourceTitle "EXT 2024"]
[Source "ChessBase"]
[SourceDate "2023.10.10"]
[SourceVersion "1"]
[SourceVersionDate "2023.10.10"]
[SourceQuality "1"]

1. c4 Nf6 2. Nc3 e6 3. e4 c5 4. Nf3 Nc6 5. Be2 d5 6. cxd5 exd5 7. exd5 Nxd5 8. Qb3 Nxc3 9. dxc3 Be7 10. 0-0 Qc7 11. Bg5 Be6 12. Qc2 0-0 13. Bxe7 Qxe7 14. Rfe1 Qf6 15. Bd3 h6 16. Re3 Rfe8 1/2-1/2

[Event "Lille Luce op 6th"]
[Site "Lille"]
[Date "2015.05.06"]
[Round "3"]
[White "Maddens, Martijn"]
[Black "Mahieu, Jacques"]
[Result "1-0"]
[WhiteElo "2095"]
[BlackElo "1610"]
[PlyCount "51"]
[EventDate "2015.05.04"]
[EventType "swiss"]
[EventRounds "9"]
[EventCountry "FRA"]
[SourceTitle "EXT 2017"]
[Source "ChessBase"]
[SourceDate "2016.10.25"]
[SourceVersion "1"]
[SourceVersionDate "2016.10.25"]
[SourceQuality "1"]

1. e4 e6 2. d4 d5 3. Nc3 Bb4 4. e5 c5 5. Bd2 Bxc3 6. Bxc3 Ne7 7. Qg4 Nbc6 8. Nf3 cxd4 9. Bxd4 Nxd4 10. Nxd4 Qa5+ 11. c3 Bd7 12. Qxg7 Rg8 13. Qxh7 Qb6 14. 0-0-0 Rc8 15. g3 a5 16. h4 a4 17. a3 Qc5 18. h5 b5 19. Kb1 Qc7 20. f4 Rxg3 21. Bd3 Nf5 22. Qh8+ Ke7 23. Qf6+ Kf8 24. Bxf5 Rxc3 25. Bxe6 Be8 26. Bxc8 1-0

[Event "Lille Luce op 6th"]
[Site "Lille"]
[Date "2015.05.05"]
[Round "2"]
[White "Mahieu, Jacques"]
[Black "Vekemans, Denis"]
[Result "0-1"]
[WhiteElo "1610"]
[BlackElo "1951"]
[PlyCount "20"]
[EventDate "2015.05.04"]
[EventType "swiss"]
[EventRounds "9"]
[EventCountry "FRA"]
[SourceTitle "EXT 2017"]
[Source "ChessBase"]
[SourceDate "2016.10.25"]
[SourceVersion "1"]
[SourceVersionDate "2016.10.25"]
[SourceQuality "1"]

1. c4 e5 2. Nc3 Nc6 3. Nf3 f5 4. e4 fxe4 5. Nxe4 Nf6 6. d3 d5 7. Nxf6+ gxf6 8. Nh4 Be6 9. Qh5+ Bf7 10. Qf5 Nd4 0-1

[Event "Lille Seniors op"]
[Site "Lille"]
[Date "2014.11.25"]
[Round "3"]
[White "Mahieu, Jacques"]
[Black "Wuhrmann, Daniel"]
[Result "1/2-1/2"]
[WhiteElo "1601"]
[BlackElo "1761"]
[PlyCount "31"]
[EventDate "2014.11.24"]
[EventType "swiss"]
[EventRounds "7"]
[EventCountry "FRA"]
[SourceTitle "EXT 2016"]
[Source "ChessBase"]
[SourceDate "2015.10.08"]
[SourceVersion "1"]
[SourceVersionDate "2015.10.08"]
[SourceQuality "1"]

1. c4 Nf6 2. Nc3 e6 3. e4 c5 4. e5 Ng8 5. Nf3 Nc6 6. d3 d6 7. exd6 a6 8. Ne4 Bxd6 9. Be3 Qe7 10. Bg5 f6 11. Be3 b6 12. Nxd6+ Qxd6 13. d4 cxd4 14. Nxd4 Nge7 15. Nxc6 Qxc6 16. Qd4 1/2-1/2